[Event "LTU-chT2"]
[White "Jonusevicius, Audrius"]
[Black "Ciornas, Vasilijus"]
[Site "Lithuania"]
[Round "1.24"]
[Result "1-0"]
[Date "2009.11.07"]
[WhiteElo "2066"]
[BlackElo "1966"]
[PlyCount "83"]
[EventDate "2009.11.07"]
[EventType "team-tourn"]
[EventRounds "9"]
[EventCountry "LTU"]
[SourceTitle "EXT 2022"]
[Source "ChessBase"]
[SourceDate "2021.10.06"]
[SourceVersion "1"]
[SourceVersionDate "2021.10.06"]
[SourceQuality "1"]

1. d4 Nf6 2. c4 g6 3. Nc3 d5 4. cxd5 Nxd5 5. e4 Nxc3 6. bxc3 c5 7. Bb5+ Bd7 8. Bxd7+ Qxd7 9. Ne2 Bg7 10. 0-0 0-0 11. Be3 cxd4 12. cxd4 Nc6 13. Rb1 Na5 14. d5 Rfc8 15. Bd4 Bf8 16. Qd3 b6 17. Qa6 Nc4 18. Rfd1 e6 19. dxe6 Qxe6 20. f3 Na3 21. Rb3 Nc2 22. Bf2 Nb4 23. Qa4 Rc2 24. Nd4 Rxa2 25. Qxa2 Nxa2 26. Nxe6 fxe6 27. Ra1 Nb4 28. Bxb6 a6 29. Ra4 Nc6 30. Be3 a5 31. Rb6 Nb4 32. Rxe6 Nc2 33. Bb6 Bb4 34. Rc6 Ra6 35. Rc8+ Kf7 36. Bxa5 Bxa5 37. Rxa5 Rxa5 38. Rxc2 Ke6 39. Kf2 Ke5 40. Kg3 h5 41. h4 Rb5 42. Rc6 1-0